000 00931nam0a22002411 4500
001 rc\2611004
005 20250623134705.0
035 _a(NLR Aleph) 006774874
090 _a5983077
_c5983077
100 _a20110914d1930 |||y0rusy50 ca
101 0 _arus
102 _aRU
105 _aa z |||||
200 1 _aБорьба с вредителями и болезнями огородных культур в Уралобласти
_fВ. П. Гальков зав. Ур. обл. станцией защиты растений
210 _aМосква
_aСвердловск
_cСельхозгиз
_d1930
_eСвердловск
_gУралполиграф, тип. "Гранит"
215 _a62 с.
_cил.
_d18х13 см.
700 1 _aГальков
_bВ.П.
_gВалентин Павлович
801 0 _aRU
_bNLR
_gpsbo
801 1 _aRU
_bELAR
_2rusmarc
852 _aNLR
_j30.8/6253
942 _cBOOK
980 _aNB